|
|
|
|
| LEADER |
00000nam a2200000 a 4500 |
| 001 |
vtls009348010 |
| 003 |
SK-MaSNL |
| 005 |
20260301171006.0 |
| 008 |
240313s2008 xo al d p 000 0 slo |
| 015 |
|
|
|a SNBA2008/10-04860
|
| 020 |
|
|
|a 9788080687649
|q (brož.)
|
| 035 |
|
|
|a 3A1376F4-B91E-4D85-BF46-999913838B34
|
| 035 |
|
|
|a urn:nbn:sk:snk-amksv3
|
| 035 |
|
|
|a urn:nbn:sk:snk-am005740
|
| 040 |
|
|
|a SNK
|b slo
|c SNK
|e AACR2
|
| 041 |
0 |
|
|a slo
|
| 044 |
|
|
|a xo
|c SK
|
| 072 |
|
7 |
|a 577
|x Biochémia. Molekulárna biológia. Biofyzika
|2 konspekt
|
| 080 |
|
|
|a 577.1
|2 2001
|
| 080 |
|
|
|a (07)
|2 2001
|
| 100 |
1 |
|
|a Sýkora, Andrej
|4 aut
|9 331698
|
| 245 |
1 |
0 |
|a Základy biochémie
|b Európsky sociálny fond : [... financované z grantu poskytnutého ESF pre realizáciu projektu Prameň vedomostí-cesta k lepšej kvalite zdravotníckej starostlivosti ...]
|c Andrej Sýkora
|
| 250 |
|
|
|a 1. vyd.
|
| 260 |
|
|
|a Prešov
|b Prešovská univerzita
|c 2008
|
| 300 |
|
|
|a 115 s.
|b ilustr., sch., tab.
|c 29 cm
|
| 366 |
|
|
|e 200 výt.
|
| 490 |
1 |
|
|a Vysokoškolské učebné texty
|
| 504 |
|
|
|a Bibliogr.
|
| 650 |
0 |
7 |
|a biochémia
|2 SNKPH
|9 696
|
| 650 |
0 |
7 |
|a Biochemistry
|2 SNKPHeng
|9 266275
|
| 655 |
|
7 |
|a učebné texty
|2 SNKPH
|9 70568
|
| 655 |
|
7 |
|a Educational texts
|2 SNKPHeng
|9 277375
|
| 810 |
2 |
|
|a Prešovská univerzita v Prešove.
|b Fakulta zdravotníctva
|t Vysokoškolské učebné texty
|9 313213
|
| 919 |
|
|
|a 978-80-8068-764-9
|
| 958 |
|
|
|a NB
|
| 958 |
|
|
|a MI
|
| 968 |
|
|
|d 61
|
| 999 |
|
|
|c 829377
|d 831307
|
| 952 |
|
|
|a SNK
|b SNK
|y VYP
|7 0
|p 17A0601190
|o snkSB 76802 D1
|i snk2008/19684
|8 0
|0 0
|1 0
|4 0
|d 2008-10-15
|l 0
|r 2016-06-30 00:00:00
|w 2026-02-24
|
| 952 |
|
|
|a SNK
|b SNK
|y PREZ
|7 0
|p 17A0601188
|o snkSB 76802
|i snk2008/19682
|8 0
|0 0
|1 0
|4 0
|d 2008-10-15
|f 1
|l 0
|r 2025-04-25 00:00:00
|w 2026-02-24
|